Off islanders who know the truth in LOST Quiz Stats

 Plays Quiz not verified by Sporcle

Challenge
Share
Tweet
Embed
Score 0/9 Timer 08:00
0 Plays Today
Informed by Character % Correct
Oceanic SixPenny Widmore
77.7%
Hugo 'Hurley' ReyesCarmen Reyes
66.8%
-Eloise Hawking
55.5%
Kate AustenCassidy Phillips
48.2%
Kate AustenCarole Littleton
45.5%
-Walt Lloyd
30.5%
Benjamin LinusDan Norton
17.3%
Benjamin LinusJill
16.4%
Oceanic SixHenrik
5.5%

You're not logged in!

Compare scores with friends on all Sporcle quizzes.
Join for Free
OR
Log In

You Might Also Like...

Show Comments

Extras

Top Quizzes Today


Score Distribution

Your Account Isn't Verified!

In order to create a playlist on Sporcle, you need to verify the email address you used during registration. Go to your Sporcle Settings to finish the process.

Report this User

Report this user for behavior that violates our Community Guidelines.

Details: